| 000 | 00000nam 2200000za 4500 |
| 001 | 9.800819 |
| 003 | CaOODSP |
| 005 | 20221123121026 |
| 007 | cr ||||||||||| |
| 008 | 150520s2015||||onc|||||o f|0| 0 fre d |
| 040 | |aCaOODSP|bfre |
| 043 | |an-cn--- |
| 086 | 1 |aYM32-5/2015-06F-PDF |
| 100 | 1 |aHyslop, Caroline. |
| 245 | 13|aLa désignation des journées et célébrations nationales au Canada |h[ressource électronique] /|cCaroline Hyslop, Erin Virgint. |
| 260 | |aOttawa :|bBibliothèque du Parlement,|c2015. |
| 300 | |ai, 7, vi p. |
| 490 | 1 |aEn bref ;|v2015-06-F |
| 500 | |a« Le 6 février 2015. » |
| 500 | |aÉgalement disponible en anglais sous le titre : Designation of national days and observances in Canada. |
| 504 | |aComprend des références bibliographiques. |
| 692 | 0 |2gccst|aCommémoration |
| 700 | 1 |aVirgint, Erin. |
| 710 | 1 |aCanada. |bService d'information et de recherche parlementaires. |
| 775 | 08|tDesignation of national days and observances in Canada |w(CaOODSP)9.800818 |
| 830 | #0|aEn bref (Canada. Service d'information et de recherche parlementaires)|v2015-06-F|w(CaOODSP)9.501314 |
| 856 | 40|qPDF|s503 Ko|uhttps://publications.gc.ca/collections/collection_2015/bdp-lop/eb/2015-06-fra.pdf |